Электропривод тяги ЭШ 20/90; Электротехника, электромеханика и электротехнологии; Т. 2: Секция 3-7. Электропривод. Автоматизация технологических процессов

التفاصيل البيبلوغرافية
Parent link:Электротехника, электромеханика и электротехнологии: труды IX региональной научно-практической студенческой конференции, 2-5 июня 2009 г., Томск/ Томский политехнический университет (ТПУ), Электротехнический институт (ЭЛТИ).— , 2009
Т. 2: Секция 3-7. Электропривод. Автоматизация технологических процессов.— 2009.— С. 204-206
المؤلف الرئيسي: Берестина Е. Л.
مؤلفون آخرون: Удут Л. С. Леонид Степанович (научный руководитель)
اللغة:الروسية
منشور في: 2009
الموضوعات:
التنسيق: فصل الكتاب
KOHA link:https://koha.lib.tpu.ru/cgi-bin/koha/opac-detail.pl?biblionumber=198562

MARC

LEADER 00000naa2a2200000 4500
001 198562
005 20231031184023.0
035 |a (RuTPU)RU\TPU\book\216561 
090 |a 198562 
100 |a 20110701d2009 k y0rusy50 ca 
101 0 |a rus 
102 |a RU 
200 1 |a Электропривод тяги ЭШ 20/90  |f Е. Л. Берестина  |g науч. рук. Л. С. Удут 
461 1 |0 (RuTPU)RU\TPU\book\209139  |t Электротехника, электромеханика и электротехнологии  |o труды IX региональной научно-практической студенческой конференции, 2-5 июня 2009 г., Томск  |f Томский политехнический университет (ТПУ), Электротехнический институт (ЭЛТИ)  |d 2009 
463 0 |0 (RuTPU)RU\TPU\book\208722  |t Т. 2: Секция 3-7. Электропривод. Автоматизация технологических процессов  |v С. 204-206  |d 2009  |p 256 с. 
610 1 |a карьеры 
610 1 |a экскаваторы 
610 1 |a электроприводы 
610 1 |a регулируемые электроприводы 
610 1 |a тяга 
610 1 |a мощность 
610 1 |a труды учёных ТПУ 
700 1 |a Берестина  |b Е. Л. 
702 1 |a Удут  |b Л. С.  |c специалист в области электротехники  |c доцент Томского политехнического университета, кандидат технических наук  |f 1940-  |g Леонид Степанович  |2 stltpush  |3 (RuTPU)RU\TPU\pers\29370  |4 727 
801 1 |a RU  |b 63413507  |c 20110701 
801 2 |a RU  |b 63413507  |c 20121218  |g RCR 
942 |c BK